000
00286 a2200133 4500
005
20250702074352.0
020
_a
978-0-241-98139-9
082
_a
SMI
100
_a
SMITH, D
245
_a
White Teeth,
260
_b
PENGUIN CLASICS,
_c
2000.
300
_a
541p,:
_c
18.1cm
942
_2
ddc
_c
BKS
999
_c
6547
_d
6547